| 000 | 00823nam a2200265 i 4500 | ||
|---|---|---|---|
| 001 | bg | ||
| 003 | BPK | ||
| 005 | 20191024074225.0 | ||
| 008 | 000426s1978 pl a |000 0 pol | ||
| 015 | _aPB 1575/79 | ||
| 040 |
_aWA N _cBPK |
||
| 080 | _a624.15 | ||
| 080 | _a(075.8) | ||
| 100 | 1 |
_aRossiński, Bolesław _d(1903-1995) _eAutor |
|
| 245 | 1 | 0 |
_aFundamentowanie / _cBolesław Rossiński. |
| 250 | _aWyd. 3 uaktual. | ||
| 260 |
_aWarszawa : _b"Arkady", _c1978. |
||
| 300 |
_a431, [1] s. : _bil., wykr., err. ; _c25 cm. |
||
| 504 | _aBibliogr. przy rozdz. | ||
| 655 | 4 | _aPodręczniki akademickie | |
| 650 | 4 | _aFundamenty | |
| 710 | 2 |
_aWydawnictwo "Arkady". _4pbl. |
|
| 942 |
_2UKD _cKS |
||
| 856 |
_uhttp://koha.tu.koszalin.pl/cgi-bin/koha/opac-detail.pl?biblionumber=4818 _yKatalog online BPK |
||
| 999 |
_c4818 _d4818 |
||